Mitosis of duck feather pulp and artificial control of its diurnal rythm

সংরক্ষণ করুন:
গ্রন্থ-পঞ্জীর বিবরন
প্রধান লেখক: Cổ Văn Vàng
বিন্যাস: গ্রন্থ
ভাষা:Undetermined
প্রকাশিত: Cần Thơ Viện Đại Học Cần Thơ - Trường Cao Đẳng Nông Nghiệp 1973
বিষয়গুলি:
ট্যাগগুলো: ট্যাগ যুক্ত করুন
কোনো ট্যাগ নেই, প্রথমজন হিসাবে ট্যাগ করুন!
Thư viện lưu trữ: Trung tâm Học liệu Trường Đại học Cần Thơ
LEADER 00627nam a2200181Ia 4500
001 CTU_33541
008 210402s9999 xx 000 0 und d
082 |a 636.5082 
082 |b V106 
100 |a Cổ Văn Vàng 
245 0 |a Mitosis of duck feather pulp and artificial control of its diurnal rythm 
245 0 |c Cổ Văn Vàng 
260 |a Cần Thơ 
260 |b Viện Đại Học Cần Thơ - Trường Cao Đẳng Nông Nghiệp 
260 |c 1973 
650 |a domestic animals,duck - breeding,poultry 
904 |i Minh, 991102 
980 |a Trung tâm Học liệu Trường Đại học Cần Thơ